000 01578nam a2200229Ia 4500
003 Ost
005 20260507075652.0
008 260507s9999||||xx |||||||||||||| ||und||
040 _cfsecg
041 _aara
082 _a381.142
100 _aأحمد، ابراهيم سيد
_eمؤلف
245 0 _aقانون التجارة الإلكترونية والتوقيع الإلكتروني وقانون الملكية الفكرية والأدبية /
_c ابراهيم سيد أحمد
260 _aالإسكندرية:
_bالدار الجامعية,
_c2005
300 _a464 صفحة؛
_bإيضاحات ؛
_c25 سم
520 _aاتفاقية TRIPS- معاهدات الويبو بشأن حق المؤلف- معاهدة الويبو بشأن الأداء والتسجيل الصوتي- قانون الأونسيترال النموذجي بشأن التوقيعات الإلكترونية- التعليق على قانون التوقيعات الإلكترونية في التجارة العالمية والمحلية- أحكام مشروع اتفاقية الجوانب القانونية للتجارة الإلكترونية- لجنة الامم المتحدة لقانون التجاري- القانون رقم10 لسنة 2004 بتنظيم التوقيع الإلكتروني في جمهورية مصر العربية.
653 _aالتجارة الإلكترونية
653 _aالتوقيع الإلكتروني
653 _aالقانون التجاري
653 _aالملكية الفكرية- قوانين وتشريعات
942 _cكتاب
999 _c45626
_d45626